000 00476nam a2200169Ia 4500
005 20240426005556.0
008 240331s9999 xx 000 0 und d
020 _a9221032787
082 _bWER
_a331.4
100 _aWerneke, Diane
245 0 _aMicroelectronics and office jobs :
_bthe impact of the chip on women's employment
_cDiane, Werneke.
250 _a1 st
260 _bInternational Labor Organization
_c1983
300 _a102 p .,
650 _aSocial
942 _cL
999 _c2727
_d2727